000 00883 a2200229 4500
005 20260226150407.0
008 260226b |||||||| |||| 00| 0 eng d
020 _a9788119141777 (hbk)
037 _cTB
040 _aCRL
_cCRL
041 _2hin
_ahin
084 _aO152,3M80,MA R6
_qCRL
100 _aप्रेमचन्द
_9861668
245 _aमंगलसूत्र
260 _aदिल्ली, भारत:
_bअनन्य प्रकाशन,
_c2026.
300 _a52पृ.
365 _b275.00
_cINR
650 _aहिन्दी कहानी
650 _aहिन्दी साहित्य
942 _cTB
_2CC
_hO152,3M80,MA R6
999 _c1466844
_d1466844